Effectif ASSE 2019 - 2023 - Statistiques

Statistiques générales
  • Ce quiz a été pris 201 fois
  • Le résultat moyen est 39 sur 88
Statistiques - réponses
Poste Joueur % Correct
GB Etienne Green
93%
GB Stephane Ruffier
93%
GB Jessy Moulin
91%
GB Gautier Larsonneur
87%
GB Boubacar Fall
85%
DC Loïc Perrin
83%
BU Romain Hamouma
78%
DC Anthony Briançon
77%
BU Wahbi Khazri
75%
BU Jean-Philippe Krasso
72%
GB Matthieu Dreyer
71%
MC Benjamin Bouchouari
70%
DC Léo Pétrot
69%
DC Mickaël Nadé
69%
DC Wesley Fofana
68%
MD Arnaud Nordin
67%
DD Dennis Appiah
67%
MD Denis Bouanga
66%
MD Mathieu Cafaro
65%
BU Ibrahima Wadji
64%
DD Mathieu Debuchy
64%
GB Paul Bernardoni
64%
DC Saïdou Sow
64%
DC William Saliba
64%
DG Niels Nkounkou
63%
DD Yvann Maçon
63%
MC Aïmen Moueffek
62%
BU Robert Beric
60%
DC Jimmy Giraudon
58%
MC Thomas Monconduit
57%
MC Ryad Boudebouz
54%
MC Dylan Chambost
52%
MC Victor Lobry
52%
MC Mahdi Camara
51%
MC Yann M'Vila
51%
BU Gaëtan Charbonnier
49%
GB Stefan Bajic
48%
MC Lamine Fomba
47%
DG Gabriel Silva
46%
AD Kader Bamba
46%
DG Miguel Trauco
44%
DC Harold Moukoudi
43%
DD Alpha Sissoko
42%
MG Kevin Monnet-Paquet
42%
AD Lenny Pintor
42%
BU Loïs Diony
42%
MC Lucas Gourna
41%
MC Yvan Neyou
41%
DC Eliaquim Mangala
40%
MC Louis Mouton
38%
DC Timothée Kolodziejczak
37%
BU Charles Abi
36%
BU Enzo Crivelli
36%
MC Zaydou Youssouf
36%
DC Pape Cissé
34%
MC Yohan Cabaye
34%
DC Abdoulaye Bakayoko
33%
BU Ayman Aiki
33%
MD Maxence Rivera
33%
DD Sergi Palencia
33%
MG Adil Aouchiche
32%
DD Falaye Sacko
32%
GB Noah Raveyre
32%
BU Yanis Lhéry
29%
MD Bakary Sako
28%
BU Ignacio Ramirez
28%
MD Sada Thioub
27%
MD Mathys Saban
22%
BU Anthony Modeste
21%
MD Franck Honorat
21%
DD Anas Namri
19%
MC Assane Dioussé
19%
MD Abdoulaye Sidibé
17%
MC Antoine Gauthier
17%
MG Jibril Othman
17%
DC Panagiotis Retsos
17%
MC Bilal Benkhedim
16%
MD El-Hadji Dieye
15%
MC Baptiste Gabard
14%
DD Bryan Nokoue
13%
MC Jean-Eudes Aholou
13%
DC Marvin Tshibuabua
11%
MD Tyrone Tormin
11%
BU Darnell Bile
9%
MG Lamine Ghezali
8%
MD Edmilson Correia
7%
DD Lucas Calodat
7%
MC Rayan Souici
7%
Aucun quiz correspondant
Distribution des résultats
% des personnes avec chaque résultat
Percentile par nombre de réponses
Votre historique - résultats
Vous n’avez pas pris ce quiz